MARC details
| 000 -LEADER |
| fixed length control field |
01515nam a2200241 a 4500 |
| 008 - FIXED-LENGTH DATA ELEMENTS--GENERAL INFORMATION |
| fixed length control field |
090508s1967 ||||||||||||||||| || u |
| 050 ## - LIBRARY OF CONGRESS CALL NUMBER |
| Classification number |
GOV.ZAM(058)ER/1965 |
| 110 ## - MAIN ENTRY--CORPORATE NAME |
| Corporate name or jurisdiction name as entry element |
Government of the Republic of Zambia (GRZ) |
| 245 10 - TITLE STATEMENT |
| Title |
Republic of Zambia economic report (1965, 1966, 1967, 1968,1969) |
| Statement of responsibility, etc. |
presented to the National Assembly |
| 260 ## - PUBLICATION, DISTRIBUTION, ETC. |
| Place of publication, distribution, etc. |
Lusaka |
| Name of publisher, distributor, etc. |
Government Printer |
| Date of publication, distribution, etc. |
1967 |
| 300 ## - PHYSICAL DESCRIPTION |
| Extent |
153p.: ill. |
| 350 ## - |
| -- |
0.00 |
| 500 ## - GENERAL NOTE |
| General note |
LIBRARY HOLDINGS: 1965, 1966, 1967, 1968, 1969 |
| 650 ## - SUBJECT ADDED ENTRY--TOPICAL TERM |
| Topical term or geographic name entry element |
ECONOMIC DEVELOPMENT--PLANNING |
| 650 #0 - SUBJECT ADDED ENTRY--TOPICAL TERM |
| Topical term or geographic name entry element |
AFRICA--ECONOMIC CONDITIONS |
| 650 ## - SUBJECT ADDED ENTRY--TOPICAL TERM |
| Topical term or geographic name entry element |
ZAMBIA--ECONOMIC CONDITIONS |
| 710 ## - ADDED ENTRY--CORPORATE NAME |
| Corporate name or jurisdiction name as entry element |
National Commission for Development Planning (NCDP) |
| 995 ## - |
| -- |
SPECIAL COLLECTIONS |
| -- |
0.00 |
| -- |
03003903 |
| -- |
CBU-MAIN LIBRARY (Kitwe) |
| -- |
1 |
| -- |
0.00 |
| -- |
GOV.ZAM(058)ER/1969 |
| -- |
5 |
| -- |
AVAILABLE |
| -- |
May 8, 2009 |
| -- |
03003903 |
| -- |
Zambiana Collection |
| 995 ## - |
| -- |
SPECIAL COLLECTIONS |
| -- |
0.00 |
| -- |
03003902 |
| -- |
CBU-MAIN LIBRARY (Kitwe) |
| -- |
1 |
| -- |
0.00 |
| -- |
GOV.ZAM(058)ER/1968 |
| -- |
4 |
| -- |
AVAILABLE |
| -- |
May 8, 2009 |
| -- |
03003902 |
| -- |
Zambiana Collection |
| 995 ## - |
| -- |
SPECIAL COLLECTIONS |
| -- |
0.00 |
| -- |
03003953 |
| -- |
CBU-MAIN LIBRARY (Kitwe) |
| -- |
1 |
| -- |
0.00 |
| -- |
GOV.ZAM(058)ER/1965 |
| -- |
1 |
| -- |
AVAILABLE |
| -- |
May 14, 2009 |
| -- |
03003953 |
| -- |
Zambiana Collection |
| 995 ## - |
| -- |
SPECIAL COLLECTIONS |
| -- |
0.00 |
| -- |
03003901 |
| -- |
CBU-MAIN LIBRARY (Kitwe) |
| -- |
1 |
| -- |
0.00 |
| -- |
GOV.ZAM(058)ER/1967 |
| -- |
3 |
| -- |
AVAILABLE |
| -- |
May 8, 2009 |
| -- |
03003901 |
| -- |
Zambiana Collection |
| 995 ## - |
| -- |
SPECIAL COLLECTIONS |
| -- |
0.00 |
| -- |
03003905 |
| -- |
CBU-MAIN LIBRARY (Kitwe) |
| -- |
1 |
| -- |
0.00 |
| -- |
GOV.ZAM(058)ER/1966 |
| -- |
2 |
| -- |
AVAILABLE |
| -- |
May 8, 2009 |
| -- |
03003905 |
| -- |
Zambiana Collection |
| 999 ## - |
| -- |
80117 |
| -- |
80117 |